000 00600nam a2200169 4500
001 149102
003 ES-MaACL
005 20230906202941.0
007 t|
008 070214s1979 sp r ||||1| spa d
100 1 _aSwearer, Havery.
_9108928
245 1 0 _aAlarma y protección
_b: sistemas electrónicos : instalación y mantenimiento /
_cHavery [sic.] Swearer ; [traducido del inglés por Santiago de Luis Pérez].
260 _aMadrid :
_bParaninfo,
_c1979 (
_fAlco)
300 _a288 p. :
_bil. ;
_c21 cm.
700 1 _aLuis Pérez, Santiago de.
_974696
852 _aES-MaACL
_jA-10433
_bR.99713
999 _c149102
_d149102